| 000 | 00540nam a2200181 u 4500 | ||
|---|---|---|---|
| 005 | 20240913063843.0 | ||
| 008 | 140610s2006 r 000 0 eng d | ||
| 035 | _aUPN01000197761 | ||
| 049 | _aCG | ||
| 050 | 4 |
_aJC423 _bE4.4 |
|
| 245 | 0 | 0 |
_aEllos y nosotros : _bdemocracia y representación en el mundo actual / _ccoord. Gustavo Ernesto Emmerich. |
| 260 |
_aMéxico : _bDEMOS, _cc2006 |
||
| 300 | _a291 p. | ||
| 650 | 4 |
_aDemocracia _96020 |
|
| 700 | 1 |
_aEmmerich, Gustavo Ernesto, _ecoord. _931889 |
|
| 905 | _aLibro | ||
| 999 |
_c169862 _d169862 |
||